[Leyes fundamentales de México] /

Se compilan aquí los textos de las constituciones que han regido la vida nacional del siglo XIX en delante. Cada uno va precedido de un análisis del contexto en el cual surgió.

Salvato in:
Dettagli Bibliografici
Autore principale: Tena Ramírez, Felipe (comp.)
Natura: Libro
Lingua:spagnolo
Soggetti:
Tags: Aggiungi Tag
Nessun Tag, puoi essere il primo ad aggiungerne!!

MARC

LEADER 00000nam^a2200000^a^4500
001 000184051
005 20250521000000.0
009 20260310102101.776
037 |a Acervo ITESO - Biblioteca 
041 |a ESP 
082 |a 342. 72  |b TEN 
100 |a Tena Ramírez, Felipe  |e (comp.) 
240 1 1 |a [Leyes fundamentales de México] 
245 1 1 |a [Leyes fundamentales de México] /  |c Comp. de F. Tena Ramírez. 
264 |a México :  |b editorial no identificada,  |c 1971 
300 |a XV, 991 p. 
336 |a texto  |b txt  |2 rdacontenido 
337 |a sin mediación  |b n  |2 rdamedio 
338 |a volumen  |b nc  |2 rdasoporte 
520 |a Se compilan aquí los textos de las constituciones que han regido la vida nacional del siglo XIX en delante. Cada uno va precedido de un análisis del contexto en el cual surgió. 
649 |a XX 
650 |a Constitución, 1812 -  |z España 
650 |a Constitución, 1824 -  |z México 
650 |a Constitución, 1857 -  |z México 
650 |a Constitución, 1917 -  |z México 
650 |a Derecho Constitucional -  |z México 
650 |a Reforma Constitucional -  |z México 
650 |a Derecho Público -  |z México 
650 |a México -  |x Historia Constitucional 
650 |a México -  |x Condiciones Jurídicas 
650 |a México -  |x Historia -  |y Siglo XIX 
650 |a México -  |x Historia -  |y Siglo XX 
910 |a Fondo General 
920 |a Impresos - Libros 
930 |a Colección General 
905 |a 101 
901 |a 0500124779  |b IT1  |c ACC  |u 20250521 
902 |a https://opac.biblio.iteso.mx/vufind/Record/000184051